[Event "MCRE_SF08"]
[Site "?"]
[Date "2006.??.??"]
[Round "1"]
[White "Kolarik, Josef"]
[Black "Houska, Jiri"]
[Result "0-1"]
[WhiteElo "2251"]
[BlackElo "2244"]
[PlyCount "84"]
[EventDate "2006.??.??"]
[EventType "corr"]
[EventRounds "2"]
[SourceDate "2006.08.10"]

1. d4 Nf6 2. c4 g6 3. Nc3 Bg7 4. e4 O-O 5. Nf3 d6 6. Be2 e5 7. Be3 Ng4 8. Bg5
f6 9. Bh4 g5 10. Bg3 Nh6 11. d5 Nd7 12. Nd2 f5 13. f3 Nf6 14. Qc2 fxe4 15.
Ncxe4 Nxe4 16. fxe4 c6 17. dxc6 bxc6 18. O-O-O Qe7 19. h3 Be6 20. Nf3 Nf7 21.
Kb1 Rab8 22. h4 g4 23. Ng5 Nxg5 24. hxg5 d5 25. Ka1 d4 26. g6 hxg6 27. c5 a5
28. Rdf1 Rxf1+ 29. Rxf1 a4 30. Bc4 Rb4 31. Ba6 Bf6 32. Be1 Rb8 33. Bd3 Bg5 34.
Bg3 Bf7 35. Bc4 Bxc4 36. Qxc4+ Kg7 37. Qxa4 Qxc5 38. Qa3 Qb5 39. Rb1 Rb7 40.
Qd6 Bf6 41. Qe6 Re7 42. Qxg4 Qb3 0-1

[Event "MCRE_SF08"]
[Site "?"]
[Date "2006.??.??"]
[Round "2"]
[White "Houska, Jiri"]
[Black "Kolarik, Josef"]
[Result "1-0"]
[WhiteElo "2244"]
[BlackElo "2251"]
[PlyCount "77"]
[EventDate "2006.??.??"]
[EventType "corr"]
[EventRounds "2"]
[SourceDate "2006.08.10"]

1. e4 c5 2. Nf3 d6 3. d4 cxd4 4. Nxd4 Nf6 5. Nc3 a6 6. Be3 e5 7. Nb3 Be7 8. f3
Be6 9. Qd2 O-O 10. O-O-O Nbd7 11. g4 b5 12. g5 b4 13. Ne2 Ne8 14. Ng3 a5 15.
Kb1 a4 16. Nc1 b3 17. axb3 axb3 18. Nxb3 Qb8 19. Nf5 Bd8 20. Nxd6 Bxb3 21. cxb3
Nxd6 22. Qxd6 Bc7 23. Qc6 Bb6 24. Rxd7 Bxe3 25. Bc4 Ra7 26. h4 Qe8 27. Rhd1 Bd4
28. Rc7 Rxc7 29. Qxc7 Kh8 30. h5 h6 31. gxh6 gxh6 32. Qd6 Kg7 33. Rd2 Qd8 34.
Rg2+ Kh7 35. Qxd8 Rxd8 36. Bxf7 Rc8 37. Be6 Rc7 38. Rg6 Rg7 39. Bf5 1-0

[Event "MCRE_SF08"]
[Site "?"]
[Date "2006.??.??"]
[Round "1"]
[White "Kolarik, Josef"]
[Black "Kuchta, Jiri"]
[Result "1/2-1/2"]
[WhiteElo "2251"]
[BlackElo "2240"]
[PlyCount "71"]
[EventDate "2006.??.??"]
[EventType "corr"]
[EventRounds "2"]
[SourceDate "2006.08.10"]

1. d4 d5 2. c4 e6 3. Nf3 Nf6 4. Nc3 c6 5. e3 Nbd7 6. Qc2 Bd6 7. g4 h6 8. h3
dxc4 9. Bxc4 c5 10. Bd2 a6 11. Be2 b5 12. dxc5 Nxc5 13. b4 Ncd7 14. O-O Bb7 15.
a4 bxa4 16. b5 O-O 17. bxa6 Bxa6 18. Bxa6 Rxa6 19. Rxa4 Rxa4 20. Qxa4 Qc7 21.
Rc1 Qb7 22. Nd4 Rb8 23. Rb1 Qc8 24. Rxb8 Qxb8 25. Qb5 Qa7 26. Qa4 Qxa4 27. Nxa4
e5 28. Nf5 Bf8 29. f3 g6 30. Ng3 Nd5 31. Kf2 Kg7 32. e4 Nb4 33. Ke2 Nc2 34. Bc3
Bb4 35. Bxb4 Nxb4 36. Kd2 1/2-1/2

[Event "MCRE_SF08"]
[Site "?"]
[Date "2006.??.??"]
[Round "2"]
[White "Kuchta, Jiri"]
[Black "Kolarik, Josef"]
[Result "1/2-1/2"]
[WhiteElo "2240"]
[BlackElo "2251"]
[PlyCount "66"]
[EventDate "2006.??.??"]
[EventType "corr"]
[EventRounds "2"]
[SourceDate "2006.08.10"]

1. Nf3 c5 2. e3 Nf6 3. c4 g6 4. d4 Bg7 5. Be2 cxd4 6. exd4 d5 7. O-O O-O 8. Nc3
Nc6 9. Be3 dxc4 10. Bxc4 Bg4 11. h3 Bxf3 12. Qxf3 Nxd4 13. Qxb7 Nc2 14. Rad1
Qc8 15. Qxc8 Raxc8 16. b3 Nxe3 17. fxe3 e6 18. Nb5 Rc5 19. Nd6 Rc7 20. e4 Rd8
21. e5 Ne8 22. Nb5 Rcd7 23. Rde1 Bf8 24. Kf2 Nc7 25. Nxc7 Rxc7 26. Re2 Bb4 27.
Kf3 Rc5 28. Rc1 Rd2 29. Rxd2 Bxd2 30. Rc2 Bh6 31. Re2 Bg7 32. Kf4 Kf8 33. h4 h6
1/2-1/2

[Event "MCRE_SF08"]
[Site "?"]
[Date "2006.??.??"]
[Round "1"]
[White "Kolarik, Josef"]
[Black "Storkan, Zdenek"]
[Result "1/2-1/2"]
[WhiteElo "2251"]
[BlackElo "2224"]
[PlyCount "68"]
[EventDate "2006.??.??"]
[EventType "corr"]
[EventRounds "2"]
[SourceDate "2006.08.10"]

1. d4 Nf6 2. c4 g6 3. Nc3 d5 4. Nf3 Bg7 5. Qb3 dxc4 6. Qxc4 O-O 7. e4 Na6 8.
Be2 c5 9. d5 e6 10. O-O exd5 11. exd5 Bf5 12. Be3 Qb6 13. b3 Rfe8 14. Rad1 Rad8
15. Na4 Qd6 16. Nc3 Qb6 17. h3 Qa5 18. Rfe1 Nd7 19. Na4 Nb4 20. Bf1 Nc2 21. Bd2
Qc7 22. Rxe8+ Rxe8 23. Ng5 Qd6 24. Bf4 Be5 25. Ne4 Bxe4 26. Qxe4 Nb4 27. Bb5
Re7 28. Bxe5 Rxe5 29. Qc4 Rxd5 30. Rxd5 Nxd5 31. Bxd7 Qxd7 32. Nxc5 Qc6 33. Qd4
Nf4 34. Qxf4 Qxc5 1/2-1/2

[Event "MCRE_SF08"]
[Site "?"]
[Date "2006.??.??"]
[Round "2"]
[White "Storkan, Zdenek"]
[Black "Kolarik, Josef"]
[Result "1-0"]
[WhiteElo "2224"]
[BlackElo "2251"]
[PlyCount "69"]
[EventDate "2006.??.??"]
[EventType "corr"]
[EventRounds "2"]
[SourceDate "2006.08.10"]

1. e4 c5 2. Nf3 d6 3. d4 cxd4 4. Nxd4 Nf6 5. Nc3 a6 6. f3 e5 7. Nb3 Be7 8. Be3
Be6 9. Qd2 O-O 10. O-O-O Nbd7 11. g4 b5 12. g5 b4 13. Ne2 Ne8 14. Ng3 a5 15.
Kb1 Nc7 16. f4 a4 17. Nc1 exf4 18. Bxf4 b3 19. Nf5 Nd5 20. Nxe7+ Nxe7 21. Bxd6
Re8 22. axb3 axb3 23. Nxb3 Nc6 24. Rg1 Qb6 25. Rg3 Qa7 26. Ba3 Bxb3 27. cxb3
Nde5 28. Qe3 Qb7 29. Qc5 Re6 30. h4 Rb8 31. h5 Nd7 32. Qc3 Nde5 33. Rd5 g6 34.
b4 Rc8 35. Bh3 1-0

[Event "MCRE_SF08"]
[Site "?"]
[Date "2006.??.??"]
[Round "1"]
[White "Kolarik, Josef"]
[Black "Krejci, Jan"]
[Result "1-0"]
[WhiteElo "2251"]
[BlackElo "2200"]
[PlyCount "65"]
[EventDate "2006.??.??"]
[EventType "corr"]
[EventRounds "2"]
[SourceDate "2006.08.10"]

1. d4 Nf6 2. c4 e6 3. Nf3 b6 4. a3 Bb7 5. Nc3 d5 6. cxd5 Nxd5 7. Bd2 Nd7 8.
Nxd5 Bxd5 9. Qc2 c5 10. e4 Bb7 11. d5 exd5 12. exd5 Bd6 13. O-O-O O-O 14. Bb5
h6 15. Bc3 Nf6 16. Bc6 Rb8 17. h4 Ng4 18. Kb1 Qc7 19. h5 Bc8 20. Nh4 b5 21. Nf5
b4 22. Bxg7 bxa3 23. Bc3 Be5 24. d6 Qd8 25. Ne7+ Kh8 26. Rhe1 Bg7 27. d7 Ba6
28. Bxg7+ Kxg7 29. Qc3+ Nf6 30. Rd6 Bd3+ 31. Rxd3 Rxb2+ 32. Ka1 Rxf2 33. Rg3+
1-0

[Event "MCRE_SF08"]
[Site "?"]
[Date "2006.??.??"]
[Round "2"]
[White "Krejci, Jan"]
[Black "Kolarik, Josef"]
[Result "0-1"]
[WhiteElo "2200"]
[BlackElo "2251"]
[PlyCount "72"]
[EventDate "2006.??.??"]
[EventType "corr"]
[EventRounds "2"]
[SourceDate "2006.08.10"]

1. e4 c5 2. Nf3 d6 3. d4 cxd4 4. Nxd4 Nf6 5. Nc3 a6 6. Be2 e5 7. Nb3 Be7 8. O-O
O-O 9. Kh1 b6 10. Bg5 Nbd7 11. a4 Bb7 12. Qd3 Rc8 13. f3 Qc7 14. Rfd1 Rfe8 15.
Nd2 Rcd8 16. Qc4 Qb8 17. Bxf6 Nxf6 18. Qb3 Qc7 19. Nc4 Rb8 20. Ne3 Qc5 21. Nf5
Rbc8 22. Rd2 Bf8 23. Rad1 Red8 24. Rd3 g6 25. Ne3 Bh6 26. Ng4 Nxg4 27. fxg4 Bg5
28. Rf3 Rd7 29. Rdf1 Rcc7 30. Bd3 Kg7 31. g3 d5 32. exd5 Qd4 33. R1f2 Qxg4 34.
Qxb6 Rxc3 35. bxc3 Bxd5 36. Be2 Qxa4 0-1

[Event "MCRE_SF08"]
[Site "?"]
[Date "2006.??.??"]
[Round "1"]
[White "Kolarik, Josef"]
[Black "Glaser, Karel"]
[Result "1/2-1/2"]
[WhiteElo "2251"]
[BlackElo "2159"]
[PlyCount "106"]
[EventDate "2006.??.??"]
[EventType "corr"]
[EventRounds "2"]
[SourceDate "2006.08.10"]

1. d4 Nf6 2. c4 e6 3. Nf3 d5 4. Nc3 c6 5. e3 Nbd7 6. Qc2 Bd6 7. g4 dxc4 8. g5
Nd5 9. Bxc4 Nxc3 10. bxc3 e5 11. h4 exd4 12. Nxd4 Ne5 13. Be2 Qe7 14. Rg1 f5
15. Nxf5 Bxf5 16. Qxf5 Nd7 17. Bd2 g6 18. Qc2 O-O-O 19. O-O-O Rhf8 20. Rg2 Ba3+
21. Kb1 Nc5 22. f3 Qc7 23. Rg4 Qh2 24. Be1 Rxd1+ 25. Bxd1 Qc7 26. Rd4 Ne6 27.
Rd2 Nc5 28. Be2 Qb6+ 29. Ka1 Qc7 30. Rd1 Re8 31. e4 Rf8 32. Qd2 Kb8 33. Qd4 Ka8
34. e5 Qe7 35. Qe3 Ne6 36. Bc4 Nc5 37. f4 Qc7 38. h5 Qb6 39. Qd2 Qc7 40. Bd3
Ne6 41. Bg3 Qb6 42. Bf2 Qa5 43. Be3 Nxf4 44. Bxf4 Rxf4 45. Bxg6 a6 46. Qd8+
Qxd8 47. Rxd8+ Ka7 48. Bc2 Rg4 49. g6 hxg6 50. hxg6 Rg1+ 51. Rd1 Rg5 52. Re1
Kb6 53. e6 Rg2 1/2-1/2

[Event "MCRE_SF08"]
[Site "?"]
[Date "2006.??.??"]
[Round "2"]
[White "Glaser, Karel"]
[Black "Kolarik, Josef"]
[Result "1/2-1/2"]
[WhiteElo "2159"]
[BlackElo "2251"]
[PlyCount "97"]
[EventDate "2006.??.??"]
[EventType "corr"]
[EventRounds "2"]
[SourceDate "2006.08.10"]

1. e4 c5 2. Nf3 d6 3. d4 cxd4 4. Nxd4 Nf6 5. Nc3 a6 6. Be3 e5 7. Nb3 Be7 8. Be2
O-O 9. O-O Be6 10. Nd5 Nbd7 11. Qd3 Bxd5 12. exd5 Re8 13. c4 Bf8 14. Rac1 g6
15. Nd2 b6 16. Rfe1 Nc5 17. Qc2 a5 18. Nb1 Nfd7 19. Nc3 f5 20. f3 Qe7 21. b3
Bg7 22. Nb5 Rab8 23. a3 Na6 24. b4 f4 25. Bf2 Ra8 26. Qd2 Rec8 27. Bd1 axb4 28.
axb4 Nc7 29. Nc3 Qd8 30. Ne4 Ne8 31. c5 bxc5 32. bxc5 dxc5 33. d6 h6 34. Bb3+
Kh7 35. Bd5 Rab8 36. Be6 Rc6 37. Red1 Ndf6 38. Nxc5 Qxd6 39. Qa2 Qe7 40. Re1
Nc7 41. Rxe5 Nxe6 42. Rce1 Rb5 43. Rxe6 Qf7 44. Qa8 Rc7 45. Qa6 Rb2 46. Nd3 Rb3
47. Nxf4 Ng4 48. Bg3 Bd4+ 49. Kh1 1/2-1/2

[Event "MCRE_SF08"]
[Site "?"]
[Date "2006.??.??"]
[Round "1"]
[White "Kolarik, Josef"]
[Black "Portych, Vaclav"]
[Result "1/2-1/2"]
[WhiteElo "2251"]
[BlackElo "2112"]
[PlyCount "37"]
[EventDate "2006.??.??"]
[EventType "corr"]
[EventRounds "2"]
[SourceDate "2006.08.10"]

1. d4 Nf6 2. c4 e6 3. Nf3 b6 4. Nc3 Bb7 5. a3 d5 6. cxd5 Nxd5 7. Bd2 Nd7 8.
Nxd5 Bxd5 9. Qc2 c5 10. e4 Bb7 11. d5 exd5 12. exd5 Bd6 13. O-O-O O-O 14. Bb5
a6 15. Bc6 Qc7 16. Bc3 b5 17. Qe4 Bxc6 18. dxc6 Nb6 19. Qf5 1/2-1/2

[Event "MCRE_SF08"]
[Site "?"]
[Date "2006.??.??"]
[Round "2"]
[White "Portych, Vaclav"]
[Black "Kolarik, Josef"]
[Result "1/2-1/2"]
[WhiteElo "2112"]
[BlackElo "2251"]
[PlyCount "38"]
[EventDate "2006.??.??"]
[EventType "corr"]
[EventRounds "2"]
[SourceDate "2006.08.10"]

1. c4 c5 2. Nc3 Nc6 3. g3 g6 4. Bg2 Bg7 5. Nf3 e6 6. O-O Nge7 7. e3 O-O 8. d4
d6 9. dxc5 dxc5 10. Qc2 a6 11. a3 b6 12. b3 Bb7 13. Bb2 Qc7 14. Ne4 f6 15. Rad1
Rad8 16. Rd2 e5 17. Nc3 Na5 18. Rfd1 Rxd2 19. Nxd2 Rd8 1/2-1/2

[Event "MCRE_SF08"]
[Site "?"]
[Date "2006.??.??"]
[Round "1"]
[White "Kolarik, Josef"]
[Black "Kosar, Zdenek"]
[Result "1/2-1/2"]
[WhiteElo "2251"]
[BlackElo "2082"]
[PlyCount "57"]
[EventDate "2006.??.??"]
[EventType "corr"]
[EventRounds "2"]
[SourceDate "2006.08.10"]

1. d4 d5 2. c4 c6 3. Nf3 e6 4. e3 Nf6 5. Nc3 Nbd7 6. Qc2 Bd6 7. Bd3 O-O 8. O-O
dxc4 9. Bxc4 a6 10. Rd1 Qc7 11. Ne4 Nxe4 12. Qxe4 Nb6 13. Bd3 f5 14. Qh4 Be7
15. Qh3 Nd5 16. e4 Nf6 17. e5 Nd5 18. Bg5 Bxg5 19. Nxg5 h6 20. Nf3 Qb6 21. Rab1
Bd7 22. a3 Be8 23. Bc4 Rd8 24. b4 Bf7 25. Ne1 Rd7 26. Rbc1 Rfd8 27. Qf3 Nc7 28.
Nc2 a5 29. Rb1 1/2-1/2

[Event "MCRE_SF08"]
[Site "?"]
[Date "2006.??.??"]
[Round "2"]
[White "Kosar, Zdenek"]
[Black "Kolarik, Josef"]
[Result "1-0"]
[WhiteElo "2082"]
[BlackElo "2251"]
[PlyCount "61"]
[EventDate "2006.??.??"]
[EventType "corr"]
[EventRounds "2"]
[SourceDate "2006.08.10"]

1. d4 Nf6 2. c4 c5 3. d5 e6 4. Nc3 exd5 5. cxd5 d6 6. e4 g6 7. h3 Bg7 8. Nf3
O-O 9. Bd3 b5 10. Nxb5 Re8 11. O-O Nxe4 12. Qa4 Bd7 13. Re1 a6 14. a3 Nf6 15.
Bg5 c4 16. Rxe8+ Bxe8 17. Bxc4 axb5 18. Qxa8 bxc4 19. Rc1 h6 20. Bxf6 Bxf6 21.
Rxc4 Kf8 22. Qb7 Nd7 23. Rc8 Qe7 24. a4 Ne5 25. Qxe7+ Kxe7 26. Nxe5 Bxe5 27. a5
Bb5 28. Rb8 Bc4 29. Rb4 Bxd5 30. a6 f5 31. a7 1-0

[Event "MCRE_SF08"]
[Site "?"]
[Date "2006.??.??"]
[Round "1"]
[White "Houska, Jiri"]
[Black "Kuchta, Jiri"]
[Result "1/2-1/2"]
[WhiteElo "2244"]
[BlackElo "2240"]
[PlyCount "49"]
[EventDate "2006.??.??"]
[EventType "corr"]
[EventRounds "2"]
[SourceDate "2006.08.10"]

1. e4 d5 2. exd5 Nf6 3. d4 Nxd5 4. c4 Nf6 5. Nc3 e6 6. Nf3 a6 7. g3 b6 8. Bg2
Bb7 9. O-O Bd6 10. d5 O-O 11. Ng5 exd5 12. Nxd5 Bxd5 13. cxd5 Nbd7 14. Be3 Re8
15. Qc2 h6 16. Ne4 Nxe4 17. Bxe4 Bc5 18. Bg2 Bxe3 19. fxe3 Rc8 20. Rac1 Qg5 21.
e4 Ne5 22. Bh3 Rcd8 23. Qf2 Qe7 24. Rc3 Rd6 25. Rfc1 1/2-1/2

[Event "MCRE_SF08"]
[Site "?"]
[Date "2006.??.??"]
[Round "2"]
[White "Kuchta, Jiri"]
[Black "Houska, Jiri"]
[Result "1/2-1/2"]
[WhiteElo "2240"]
[BlackElo "2244"]
[PlyCount "50"]
[EventDate "2006.??.??"]
[EventType "corr"]
[EventRounds "2"]
[SourceDate "2006.08.10"]

1. Nf3 c5 2. c4 Nc6 3. d4 cxd4 4. Nxd4 Nf6 5. Nc3 e6 6. g3 Qb6 7. Ndb5 Ne5 8.
Bg2 a6 9. Qa4 Rb8 10. Be3 Bc5 11. Bxc5 Qxc5 12. Qa3 Qxa3 13. Nxa3 g5 14. b3 d6
15. e3 Bd7 16. f4 gxf4 17. gxf4 Ng6 18. Rg1 Ke7 19. Nc2 Nh4 20. Bh1 Rhc8 21.
Kd2 Bc6 22. e4 Rg8 23. Nb4 a5 24. Nd3 Nh5 25. Rae1 Rbf8 1/2-1/2

[Event "MCRE_SF08"]
[Site "?"]
[Date "2006.??.??"]
[Round "1"]
[White "Houska, Jiri"]
[Black "Storkan, Zdenek"]
[Result "1-0"]
[WhiteElo "2244"]
[BlackElo "2224"]
[PlyCount "79"]
[EventDate "2006.??.??"]
[EventType "corr"]
[EventRounds "2"]
[SourceDate "2006.08.10"]

1. e4 c5 2. Nf3 d6 3. d4 cxd4 4. Nxd4 Nf6 5. Nc3 a6 6. Be3 e6 7. Be2 Be7 8. a4
O-O 9. O-O Nc6 10. f4 Qc7 11. Kh1 Re8 12. Bf3 Na5 13. g4 Bf8 14. g5 Nd7 15. Bg2
g6 16. Bg1 Bg7 17. Qd3 Rb8 18. Ndb5 axb5 19. Nxb5 Qd8 20. Nxd6 Re7 21. e5 Nc6
22. Qb5 Ra8 23. a5 Ndb8 24. Bb6 Qf8 25. b4 Rd7 26. Rad1 Ne7 27. c4 Nbc6 28. Bc5
h6 29. h4 h5 30. Rd3 Qd8 31. Rfd1 Nf5 32. R1d2 Nxd6 33. Rxd6 Rxd6 34. Rxd6 Qc7
35. Rxc6 bxc6 36. Qxc6 Qxc6 37. Bxc6 Ra6 38. Bb6 Bf8 39. c5 Be7 40. b5 1-0

[Event "MCRE_SF08"]
[Site "?"]
[Date "2006.??.??"]
[Round "2"]
[White "Storkan, Zdenek"]
[Black "Houska, Jiri"]
[Result "0-1"]
[WhiteElo "2224"]
[BlackElo "2244"]
[PlyCount "114"]
[EventDate "2006.??.??"]
[EventType "corr"]
[EventRounds "2"]
[SourceDate "2006.08.10"]

1. e4 c5 2. Nf3 d6 3. d4 cxd4 4. Nxd4 Nf6 5. Nc3 g6 6. Be3 Bg7 7. f3 O-O 8. Qd2
Nc6 9. Bc4 Bd7 10. O-O-O Rc8 11. Bb3 Ne5 12. h4 h5 13. Bg5 Rc5 14. Kb1 Re8 15.
Rhe1 Qa5 16. a3 Qa6 17. Bh6 Bh8 18. Bf4 Nc4 19. Bxc4 Rxc4 20. Nde2 b5 21. e5 b4
22. axb4 Rxb4 23. Nd4 dxe5 24. Rxe5 Qb7 25. Nb3 Bf5 26. Rxf5 gxf5 27. Bg3 Bg7
28. Be5 Ne4 29. Nxe4 Bxe5 30. Qg5+ Bg7 31. Ng3 Qc6 32. Nxf5 Qf6 33. Nxg7 Qxg5
34. hxg5 Kxg7 35. Nc5 Kg6 36. Ne4 Reb8 37. b3 a5 38. Rd3 a4 39. Kb2 axb3 40.
cxb3 h4 41. Rc3 R4b5 42. Re3 Rf5 43. Rc3 Rh8 44. b4 h3 45. gxh3 Rxh3 46. Nd2
Kxg5 47. Rc7 Re5 48. Kc3 f5 49. Rd7 Rh4 50. Rd3 Rb5 51. Nc4 Rf4 52. Kb3 Rb7 53.
Rc3 Kh4 54. Ka4 Kg3 55. b5 Rxf3 56. Rc1 Rd3 57. Rg1+ Kf2 0-1

[Event "MCRE_SF08"]
[Site "?"]
[Date "2006.??.??"]
[Round "1"]
[White "Houska, Jiri"]
[Black "Krejci, Jan"]
[Result "1-0"]
[WhiteElo "2244"]
[BlackElo "2200"]
[PlyCount "49"]
[EventDate "2006.??.??"]
[EventType "corr"]
[EventRounds "2"]
[SourceDate "2006.08.10"]

1. e4 e5 2. Nf3 Nf6 3. Nxe5 d6 4. Nf3 Nxe4 5. Nc3 Nxc3 6. dxc3 Be7 7. Bf4 O-O
8. Qd2 Nd7 9. O-O-O Nc5 10. Be3 Re8 11. Bc4 Be6 12. Bxe6 Nxe6 13. h4 Qd7 14.
Qd3 a5 15. Ng5 Bxg5 16. hxg5 g6 17. Qc4 Qe7 18. Rxh7 Nxg5 19. Rh6 Ne6 20. Rdh1
Qf6 21. f4 Kf8 22. g4 c6 23. f5 Qe5 24. Bd2 d5 25. Qe2 1-0

[Event "MCRE_SF08"]
[Site "?"]
[Date "2006.??.??"]
[Round "2"]
[White "Krejci, Jan"]
[Black "Houska, Jiri"]
[Result "0-1"]
[WhiteElo "2200"]
[BlackElo "2244"]
[PlyCount "68"]
[EventDate "2006.??.??"]
[EventType "corr"]
[EventRounds "2"]
[SourceDate "2006.08.10"]

1. e4 c5 2. Nf3 d6 3. d4 cxd4 4. Nxd4 Nf6 5. Nc3 g6 6. Bc4 Bg7 7. O-O O-O 8.
Re1 Nc6 9. Bb3 Bg4 10. Qd3 Nxd4 11. Qxd4 Nd7 12. Qd3 Nc5 13. Qg3 Be6 14. Bg5
Re8 15. Rad1 Rc8 16. e5 Qa5 17. exd6 exd6 18. Bd2 Qa6 19. Bf4 Bxb3 20. axb3
Rxe1+ 21. Rxe1 Ne6 22. h3 Qc6 23. Bd2 d5 24. b4 Qc4 25. Qd6 Rd8 26. Qe7 Qc8 27.
Rc1 a6 28. Qh4 Qc6 29. Kh1 Qd6 30. Re1 Rc8 31. b5 Rc4 32. f4 axb5 33. Nxb5 Qb6
34. Na3 Re4 0-1

[Event "MCRE_SF08"]
[Site "?"]
[Date "2006.??.??"]
[Round "1"]
[White "Houska, Jiri"]
[Black "Glaser, Karel"]
[Result "1-0"]
[WhiteElo "2244"]
[BlackElo "2159"]
[PlyCount "61"]
[EventDate "2006.??.??"]
[EventType "corr"]
[EventRounds "2"]
[SourceDate "2006.08.10"]

1. e4 Nf6 2. e5 Nd5 3. d4 d6 4. Nf3 g6 5. Bc4 c6 6. O-O Bg7 7. exd6 Qxd6 8. h3
O-O 9. Bb3 Bf5 10. Re1 Nd7 11. c4 Nf4 12. c5 Nxc5 13. dxc5 Qxd1 14. Bxd1 Nd3
15. Nc3 Nxe1 16. Nxe1 Rad8 17. Be3 Be6 18. Nf3 Rd7 19. Bc2 Rfd8 20. Re1 Bc4 21.
a3 Kh8 22. g4 Kg8 23. Kg2 Kf8 24. Kg3 Bxc3 25. bxc3 f6 26. h4 Kf7 27. h5 gxh5
28. g5 Kg8 29. Kh4 Bd5 30. Nd4 e5 31. Nf5 1-0

[Event "MCRE_SF08"]
[Site "?"]
[Date "2006.??.??"]
[Round "2"]
[White "Glaser, Karel"]
[Black "Houska, Jiri"]
[Result "0-1"]
[WhiteElo "2159"]
[BlackElo "2244"]
[PlyCount "72"]
[EventDate "2006.??.??"]
[EventType "corr"]
[EventRounds "2"]
[SourceDate "2006.08.10"]

1. e4 c5 2. Nf3 d6 3. d4 cxd4 4. Nxd4 Nf6 5. Nc3 g6 6. Be3 Bg7 7. Be2 O-O 8.
O-O Nc6 9. Qd2 Bd7 10. Rad1 Rc8 11. f4 a6 12. Nxc6 Bxc6 13. Bf3 Qc7 14. a3 b5
15. Bd4 e5 16. Be3 Rfd8 17. Qf2 Qb7 18. fxe5 dxe5 19. Rde1 Rd7 20. Bg5 Rd6 21.
Qe3 a5 22. Ra1 b4 23. axb4 axb4 24. Nd5 Bxd5 25. exd5 Nxd5 26. Qb3 Qc7 27. Bxd5
Qc5+ 28. Rf2 Rxd5 29. Be7 Qd4 30. Bxb4 e4 31. c3 Qd3 32. Rff1 Bh6 33. Kh1 Rd7
34. Qa4 Rcd8 35. Bc5 e3 36. Rfe1 e2 0-1

[Event "MCRE_SF08"]
[Site "?"]
[Date "2006.??.??"]
[Round "1"]
[White "Houska, Jiri"]
[Black "Portych, Vaclav"]
[Result "1/2-1/2"]
[WhiteElo "2244"]
[BlackElo "2112"]
[PlyCount "46"]
[EventDate "2006.??.??"]
[EventType "corr"]
[EventRounds "2"]
[SourceDate "2006.08.10"]

1. e4 c5 2. Nf3 Nc6 3. d4 cxd4 4. Nxd4 Nf6 5. Nc3 d6 6. Bc4 e6 7. Be3 Be7 8.
Qe2 O-O 9. O-O-O a6 10. Bb3 Na5 11. g4 b5 12. g5 Ne8 13. Qh5 b4 14. Na4 Qc7 15.
Rhg1 g6 16. Qh6 Nxb3+ 17. axb3 Ng7 18. Rg3 Re8 19. Rh3 Nh5 20. Rxh5 gxh5 21.
Nf5 Bf8 22. Qf6 exf5 23. Bd4 Re5 1/2-1/2

[Event "MCRE_SF08"]
[Site "?"]
[Date "2006.??.??"]
[Round "2"]
[White "Portych, Vaclav"]
[Black "Houska, Jiri"]
[Result "1/2-1/2"]
[WhiteElo "2112"]
[BlackElo "2244"]
[PlyCount "45"]
[EventDate "2006.??.??"]
[EventType "corr"]
[EventRounds "2"]
[SourceDate "2006.08.10"]

1. c4 g6 2. Nc3 Bg7 3. Nf3 c5 4. g3 Nc6 5. Bg2 d6 6. O-O Nh6 7. d3 O-O 8. Bd2
Nf5 9. a3 Bd7 10. e3 e5 11. Rb1 a5 12. Ne1 Nfe7 13. f4 exf4 14. Rxf4 Be6 15.
Qc2 Rb8 16. Rf2 Ne5 17. Nf3 Ng4 18. Re2 d5 19. cxd5 Nxd5 20. h3 Ne5 21. Nxe5
Bxe5 22. Nxd5 Bxd5 23. Bxa5 1/2-1/2

[Event "MCRE_SF08"]
[Site "?"]
[Date "2006.??.??"]
[Round "1"]
[White "Houska, Jiri"]
[Black "Kosar, Zdenek"]
[Result "1/2-1/2"]
[WhiteElo "2244"]
[BlackElo "2082"]
[PlyCount "59"]
[EventDate "2006.??.??"]
[EventType "corr"]
[EventRounds "2"]
[SourceDate "2006.08.10"]

1. e4 e6 2. d4 d5 3. Nd2 c5 4. Ngf3 Nc6 5. Bb5 a6 6. exd5 axb5 7. dxc6 bxc6 8.
dxc5 Bxc5 9. O-O Nf6 10. c4 O-O 11. Qc2 Qc7 12. b3 b4 13. Ne4 Nxe4 14. Qxe4 Rd8
15. Bf4 Qe7 16. Rfd1 Bb7 17. Ng5 g6 18. Qe5 Rxa2 19. Ne4 Bd4 20. Nf6+ Kh8 21.
Nd5+ f6 22. Qxd4 Rxa1 23. Qxa1 cxd5 24. Qa5 e5 25. Bh6 d4 26. Ra1 d3 27. Qb6
Rd6 28. Qb5 g5 29. h4 e4 30. Bf8 1/2-1/2

[Event "MCRE_SF08"]
[Site "?"]
[Date "2006.??.??"]
[Round "2"]
[White "Kosar, Zdenek"]
[Black "Houska, Jiri"]
[Result "1/2-1/2"]
[WhiteElo "2082"]
[BlackElo "2244"]
[PlyCount "69"]
[EventDate "2006.??.??"]
[EventType "corr"]
[EventRounds "2"]
[SourceDate "2006.08.10"]

1. e4 c5 2. d4 cxd4 3. c3 Nf6 4. e5 Nd5 5. cxd4 d6 6. Nf3 Nc6 7. Bc4 e6 8. O-O
Be7 9. Qe2 O-O 10. Nc3 Nxc3 11. bxc3 dxe5 12. dxe5 Qa5 13. Rd1 Qxc3 14. Rb1 Qa5
15. Qe4 Rd8 16. Bg5 h6 17. Rxd8+ Qxd8 18. Bd2 Bf8 19. h4 h5 20. Ng5 g6 21. Rxb7
Bxb7 22. Bxe6 Ne7 23. Bxf7+ Kh8 24. Qxb7 Rb8 25. Bb3 Rxb7 26. Nf7+ Kh7 27. Nxd8
Rd7 28. Ba5 Nf5 29. Ne6 Be7 30. g3 Nd4 31. Nxd4 Rxd4 32. Bc3 Rd3 33. Be1 Kg7
34. Kf1 Rd4 35. f3 1/2-1/2

[Event "MCRE_SF08"]
[Site "?"]
[Date "2006.??.??"]
[Round "1"]
[White "Kuchta, Jiri"]
[Black "Storkan, Zdenek"]
[Result "0-1"]
[WhiteElo "2240"]
[BlackElo "2224"]
[PlyCount "118"]
[EventDate "2006.??.??"]
[EventType "corr"]
[EventRounds "2"]
[SourceDate "2006.08.10"]

1. Nf3 Nf6 2. c4 g6 3. d4 Bg7 4. Nc3 d5 5. Bf4 O-O 6. e3 c5 7. dxc5 Qa5 8. Qb3
Na6 9. Qb5 Qxb5 10. Nxb5 Bd7 11. cxd5 Nxd5 12. Be5 Nxc5 13. a3 f6 14. Bd4 Nb3
15. Rd1 Nxd4 16. Nbxd4 Nb6 17. Bb5 Bxb5 18. Nxb5 Rfc8 19. Ke2 f5 20. Rd2 Nc4
21. Rd7 Nxb2 22. Rb1 Na4 23. Kf1 Nc5 24. Rxe7 Bf8 25. Rc7 Rxc7 26. Nxc7 Rc8 27.
Nd5 Rd8 28. Nb4 Ne4 29. Ke1 Nc3 30. Ra1 a5 31. Nc2 Rd3 32. Ne5 Rd5 33. Nf3 Rb5
34. Nfd4 Rb2 35. Kd2 Ne4+ 36. Kc1 Rb6 37. f3 Nc5 38. Kd2 Bd6 39. Rh1 Kf7 40.
Kc3 h5 41. g3 Na4+ 42. Kd2 Be5 43. Rd1 Ke7 44. Re1 Kd7 45. Rd1 Kd6 46. Re1 Rb2
47. Kc1 Kc5 48. g4 fxg4 49. fxg4 Kc4 50. gxh5 gxh5 51. h4 Rb6 52. Ne2 Rf6 53.
Rg1 Rf2 54. Kd1 Kd3 55. Nc1+ Ke4 56. Ne2 Nb2+ 57. Ke1 Rh2 58. Ned4 Nc4 59. Rg5
a4 0-1

[Event "MCRE_SF08"]
[Site "?"]
[Date "2006.??.??"]
[Round "2"]
[White "Storkan, Zdenek"]
[Black "Kuchta, Jiri"]
[Result "1-0"]
[WhiteElo "2224"]
[BlackElo "2240"]
[PlyCount "114"]
[EventDate "2006.??.??"]
[EventType "corr"]
[EventRounds "2"]
[SourceDate "2006.08.10"]

1. e4 c6 2. d4 d5 3. Nc3 dxe4 4. Nxe4 Nd7 5. Nf3 Ngf6 6. Ng3 h5 7. Bg5 Qb6 8.
Bd3 c5 9. Qe2 cxd4 10. O-O-O e6 11. Bc4 Bc5 12. Ne4 Nxe4 13. Qxe4 Nf6 14. Qh4
Be7 15. Rxd4 Bd7 16. Rhd1 Bb5 17. Ne5 Rc8 18. R1d3 Bc6 19. c3 Qc7 20. Re3 Rf8
21. Bxe6 fxe6 22. Bxf6 Bxf6 23. Qxh5+ Ke7 24. Ng6+ Kf7 25. Rf4 Bxg2 26. Rg3
Rfd8 27. Rxg2 Rd5 28. Ne5+ Ke7 29. Rxf6 Qxe5 30. Rxg7+ Kd6 31. Qxe5+ Rxe5 32.
Rxb7 Rh8 33. Rxa7 Re2 34. Rff7 Rxh2 35. Rad7+ Kc6 36. Rd2 Rh1+ 37. Kc2 Rxd2+
38. Kxd2 Ra1 39. a3 e5 40. c4 Kc5 41. Rf5 Kxc4 42. Rxe5 Rf1 43. b3+ Kxb3 44.
Ke2 Rh1 45. a4 Kxa4 46. f4 Kb4 47. f5 Kc4 48. f6 Rh7 49. Ke3 Rf7 50. Rf5 Kc3
51. Ke4 Kd2 52. Kd5 Ke3 53. Ke6 Rf8 54. f7 Ke4 55. Rf1 Kd4 56. Ke7 Rh8 57. f8=Q
Rxf8 1-0